000 00606nam a2200205Ia 4500
001 54703
008 080102n ii |||gr||||Z||||||asm
020 _a81-7680-002-3
082 _a370
100 _aDas (Sarmah), P.
245 0 _aSnatak Mahalar Bharatiya Sikshar Bikash
_cP Das (Sarmah) &Others
_hTextual Documents
250 _aFirst-2012.
260 _aGuwahati:
_bSanti Prakashan.
300 _a240pg:
_c30cm.
500 _aTwo Books Gifted by Dr. Phunu Das Sarmah
653 _aBharatiya Sikshar Bikash
653 _aG-Education
653 _aDevelopment of Indian Education
942 _2ddc
_cBK
999 _c54657
_d54657